| 000 | nam a22 a 4500 | ||
|---|---|---|---|
| 999 |
_c748 _d748 |
||
| 003 | AKMAL | ||
| 005 | 20170505091828.0 | ||
| 008 | 170505s1991 my ao g 000 | eng d | ||
| 020 |
_a9676901954 (pbk.): _cRM16.90 |
||
| 039 | 9 |
_a200501201243 _bnormila |
|
| 040 |
_aAKMAL _cAKMAL |
||
| 049 | _amal | ||
| 082 | 0 | 4 | _a229.913 ZIA |
| 090 | 0 | 0 |
_a229.913 _bZIA |
| 090 | 2 | 0 |
_a229.913 _bZIA |
| 100 | 0 |
_aZia, Shakil Ahmed _91614 |
|
| 245 | 1 | 2 |
_aA history of Jewish crimes / _cShakil Ahmed Zia |
| 260 |
_aBatu Caves : _bThinker's Library, _c1991 |
||
| 300 |
_ax, 264p. : _bill. ; _c22cm |
||
| 521 | _aIntended audience: Adult | ||
| 650 | 0 |
_aCrimes _xJews _91615 |
|
| 650 | 0 |
_aZionists _91616 |
|
| 942 |
_2ddc _cBOOK |
||